• 首页
  • 本馆介绍
  • 公告通知
  • 最新文献
  • 馆藏检索
  • 电子资源
  • 读者导购
  • 参考咨询
  • 我的图书馆
  • 登录
  • 详细信息显示
  • 放入我的书架
  • 预约/预借图书
  • 作者相关作品
  • 分类相关作品
  • 丛书相关作品
  • 出版社相关作品

书目信息

  • 表格格式
  • 工作单格式
  • 卡片格式
题名:
我们的战争责任
    
 
作者: 纐缬厚 著 ;申荷丽 译
分册:  
出版信息: 北京   人民日报出版社  2011.1
页数: 196页
开本: 21cm
丛书名:
单 册:
中图分类: K313.46
科图分类:
主题词: 侵略战争--研究--日本--现代 , 侵略战争
电子资源:
ISBN: 978-7-5115-0160-8
000 01130nam0 2200265 45
001 1360548984
005 20130603091655.18
010    @a978-7-5115-0160-8@dCNY35.00
100    @a20130513d2011 em y0chiy0110 ea
101 1  @achi@cjpn
102    @aCN@b110000
105    @ay z 000yy
106    @ar
200 1  @a我们的战争责任@AWo Men De Zhan Zheng Ze Ren@e历史检讨与现实省思@ELi Shi Jian Tao Yu Xian Shi Sheng Si@f(日)纐缬厚著@F( Ri )纐 Xie Hou Zhu@g申荷丽译
210    @a北京@c人民日报出版社@d2011.1
215    @a196页@d21cm
330    @a本书通过对日本“昭和”初期20年(1926-1945年)和“平成”20年(1989-2008年)的比较,透过对田母神事件、天皇的战争责任问题、甲级战犯二战后重新“复活”现象,小泉参拜靖国神社事件、日美同盟体制问题等一系列典型案例的剖析,立场鲜明地指出了日本应该承担的“战争责任”问题。
517 1  @a历史检讨与现实省思@ALi Shi Jian Tao Yu Xian Shi Sheng Si
606 0  @a侵略战争@x研究@y日本@z现代
606 0  @a侵略战争
690    @aK313.46@v5
701  0 @c(日)@a纐缬厚@A纐 Xie Hou@f(1951-)@4著
702  0 @a申荷丽@AShen He Li@4译
801    @aCN@bTANGWEI@c20130523
905    @b0835234-38@dK313.46@e51@f5
    
    我们的战争责任:历史检讨与现实省思/(日)纐缬厚著/申荷丽译.-北京:人民日报出版社,2011.1
    196页;21cm
    
    
    ISBN 978-7-5115-0160-8:CNY35.00
    本书通过对日本“昭和”初期20年(1926-1945年)和“平成”20年(1989-2008年)的比较,透过对田母神事件、天皇的战争责任问题、甲级战犯二战后重新“复活”现象,小泉参拜靖国神社事件、日美同盟体制问题等一系列典型案例的剖析,立场鲜明地指出了日本应该承担的“战争责任”问题。
●
相关链接 在E读中查询图书 在五车中查询图书 在当当中查询图书 在豆瓣中查询图书


正题名:我们的战争责任     索取号:K313.46/51         预约/预借

序号 登录号 条形码 馆藏地/架位号 状态 备注
1 0835234   208352343   第二样本阅览室/ [索取号:K313.46/51] 在馆    
2 0835235   208352352   史法系资料室/ [索取号:K313.46/51] 在馆    
3 0835236   208352361   第二借阅区/ [索取号:K313.46/51] 在馆    
4 0835237   208352370   第二借阅区/ [索取号:K313.46/51] 在馆    
5 0835238   208352389   第二借阅区/ [索取号:K313.46/51] 在馆    
唐山师范学院图书馆 欢迎您!
大连网信软件有限公司© 版权所有